00778nam a22002057a 4500082001800000100002300018100003100041100001700072245008500089250000900174260012300183300001000306650003600316650004500352650002500397650001600422942000700438999001900445952010800464 aM08 bMOY/M.1 aMoyinkutty Vaidyar aMuhammed Abdul Kareem K K aAboobacker K aMahakavi Moyinkutty vaidyarude sampoorna krithikal (v.1)/cby Moyinkutty Vaidyar a2nd. aMalappuram:bMahakavi Moyinkutty Vaidyar Mappila Kala Academy, Department of Cultural Affairs, Govt. of Kerala,c2015. a778p. aCollection Literature Malayalam aCollection Literature Moyinkutty Vaidyar aLiterature Malayalam aLiterature  cBK c181736d181736 00104070aSSUSbSSUScREFd2026-05-21g900.00l0oR M08 MOY/M.1p108908r2026-05-21w2026-05-21yREF